[Event "EYCC 2024 - O16"]
[Site "?"]
[Date "2024.08.23"]
[Round "2.1"]
[White "Colev, Ivor"]
[Black "Smeets, Kobe"]
[Result "0-1"]
[BlackElo "2322"]
[WhiteElo "2160"]
[LiveChessVersion "1.4.8"]

1. e4 {[%clk 1:25:50]} e5 {[%clk 1:30:53]} 2. Nf3 {[%clk 1:26:17]} Nc6
{[%clk 1:31:17]} 3. Bb5 {[%clk 1:26:43]} a6 {[%clk 1:31:41]} 4. Ba4
{[%clk 1:27:06]} Nf6 {[%clk 1:32:02]} 5. d3 {[%clk 1:27:32]} d6 {[%clk 1:32:21]}
6. c3 {[%clk 1:27:40]} g6 {[%clk 1:32:39]} 7. O-O {[%clk 1:28:03]} Bg7
{[%clk 1:33:02]} 8. h3 {[%clk 1:28:28]} O-O {[%clk 1:33:13]} 9. Re1
{[%clk 1:28:36]} h6 {[%clk 1:33:22]} 10. Nbd2 {[%clk 1:28:50]} Re8
{[%clk 1:33:11]} 11. Nf1 {[%clk 1:27:53]} b5 {[%clk 1:33:05]} 12. Bc2
{[%clk 1:25:30]} Bb7 {[%clk 1:29:53]} 13. a4 {[%clk 1:22:16]} Qd7
{[%clk 1:26:59]} 14. Ng3 {[%clk 1:20:52]} d5 {[%clk 1:24:46]} 15. exd5
{[%clk 1:20:15]} Qxd5 {[%clk 1:22:07]} 16. Bb3 {[%clk 1:13:52]} Qd7
{[%clk 1:21:56]} 17. axb5 {[%clk 1:12:51]} axb5 {[%clk 1:22:18]} 18. Rxa8
{[%clk 1:13:13]} Bxa8 {[%clk 1:22:38]} 19. Qe2 {[%clk 1:09:11]} Re7
{[%clk 1:09:08]} 20. Nd2 {[%clk 0:55:45]} Nd5 {[%clk 0:56:56]} 21. Bxd5
{[%clk 0:40:18]} Qxd5 {[%clk 0:57:19]} 22. Nde4 {[%clk 0:39:56]} f5
{[%clk 0:51:34]} 23. c4 {[%clk 0:39:27]} Qd8 {[%clk 0:45:18]} 24. Nc3
{[%clk 0:36:26]} Nd4 {[%clk 0:44:43]} 25. Qd1 {[%clk 0:36:04]} b4
{[%clk 0:34:09]} 26. Na4 {[%clk 0:29:06]} Qd6 {[%clk 0:32:33]} 27. b3
{[%clk 0:23:19]} c5 {[%clk 0:30:31]} 28. h4 {[%clk 0:21:29]} h5 {[%clk 0:25:59]}
29. Bg5 {[%clk 0:14:35]} Ra7 {[%clk 0:25:56]} 30. Be3 {[%clk 0:10:29]} Qc6
{[%clk 0:24:50]} 31. f3 {[%clk 0:10:38]} Nxb3 {[%clk 0:24:43]} 32. Qxb3
{[%clk 0:10:34]} Rxa4 {[%clk 0:25:06]} 33. Bf2 {[%clk 0:06:54]} Ra3
{[%clk 0:24:08]} 34. Qb1 {[%clk 0:07:15]} Qd6 {[%clk 0:23:16]} 35. Rd1
{[%clk 0:06:58]} Bc6 {[%clk 0:22:36]} 36. Kh1 {[%clk 0:05:58]} Ba4
{[%clk 0:22:38]} 37. Re1 {[%clk 0:06:19]} e4 {[%clk 0:21:15]} 38. dxe4
{[%clk 0:04:41]} Ra1 {[%clk 0:21:30]} 39. Qxa1 {[%clk 0:04:26]} Bxa1
{[%clk 0:21:55]} 40. Rxa1 {[%clk 0:04:52]} f4 {[%clk 0:18:03]} 41. Nf1
{[%clk 0:03:28]} Bc6 {[%clk 0:16:33]} 42. Ra6 {[%clk 0:02:56]} b3
{[%clk 0:10:52]} 43. Rb6 {[%clk 0:02:54]} Qd3 {[%clk 0:10:31]} 44. Kg1
{[%clk 0:03:12]} Ba4 {[%clk 0:06:15]} 45. Bxc5 {[%clk 0:03:26]} Qxc4
{[%clk 0:06:18]} 46. Bf2 {[%clk 0:02:18]} Bb5 {[%clk 0:06:25]} 47. Rxg6+
{[%clk 0:01:21]} Kf7 {[%clk 0:06:43]} 48. Rd6 {[%clk 0:01:35]} Qxf1+
{[%clk 0:07:03]} 0-1

[Event "EYCC 2024 - O16"]
[Site "?"]
[Date "2024.08.23"]
[Round "2.2"]
[White "Leitgeb, Julian"]
[Black "Oruzinsky, Juraj"]
[Result "0-1"]
[BlackElo "2166"]
[WhiteElo "2313"]
[LiveChessVersion "1.4.8"]

1. e4 {[%clk 1:30:57]} c5 {[%clk 1:30:51]} 2. Nf3 {[%clk 1:31:21]} Nc6
{[%clk 1:31:15]} 3. d4 {[%clk 1:31:47]} cxd4 {[%clk 1:31:41]} 4. Nxd4
{[%clk 1:32:13]} g6 {[%clk 1:31:48]} 5. c4 {[%clk 1:32:25]} Nf6 {[%clk 1:32:04]}
6. Nc3 {[%clk 1:32:41]} Nxd4 {[%clk 1:32:28]} 7. Qxd4 {[%clk 1:33:05]} d6
{[%clk 1:32:54]} 8. Be2 {[%clk 1:33:24]} Bg7 {[%clk 1:33:12]} 9. Be3
{[%clk 1:33:36]} O-O {[%clk 1:33:35]} 10. Qd3 {[%clk 1:34:04]} a5
{[%clk 1:26:33]} 11. O-O {[%clk 1:33:18]} a4 {[%clk 1:26:57]} 12. Bd4
{[%clk 1:32:59]} Qa5 {[%clk 1:23:35]} 13. f4 {[%clk 1:30:01]} Be6
{[%clk 1:01:12]} 14. Rad1 {[%clk 1:27:07]} Rfc8 {[%clk 0:55:13]} 15. b3
{[%clk 1:25:09]} axb3 {[%clk 0:51:11]} 16. axb3 {[%clk 1:25:17]} Re8
{[%clk 0:30:54]} 17. Kh1 {[%clk 1:14:06]} Bg4 {[%clk 0:23:29]} 18. e5
{[%clk 0:49:43]} Bf5 {[%clk 0:22:32]} 19. Qe3 {[%clk 0:41:18]} dxe5
{[%clk 0:21:25]} 20. fxe5 {[%clk 0:41:29]} Nd7 {[%clk 0:09:40]} 21. Nd5
{[%clk 0:37:48]} Rac8 {[%clk 0:05:28]} 22. Ra1 {[%clk 0:33:29]} Qd8
{[%clk 0:05:52]} 23. Rfd1 {[%clk 0:32:05]} e6 {[%clk 0:04:25]} 24. Nb6
{[%clk 0:25:52]} Nxb6 {[%clk 0:04:36]} 25. Bxb6 {[%clk 0:26:20]} Qh4
{[%clk 0:02:49]} 26. Bf3 {[%clk 0:26:12]} Bc2 {[%clk 0:02:04]} 27. Rd7
{[%clk 0:22:28]} Bxb3 {[%clk 0:01:28]} 28. Qxb3 {[%clk 0:14:42]} Bxe5
{[%clk 0:01:53]} 29. g3 {[%clk 0:14:46]} Bxg3 {[%clk 0:02:19]} 30. Bg1
{[%clk 0:13:54]} Rxc4 {[%clk 0:02:00]} 31. Rf1 {[%clk 0:09:33]} Be5
{[%clk 0:01:22]} 32. Qe3 {[%clk 0:09:34]} Bf4 {[%clk 0:01:02]} 33. Qe2
{[%clk 0:08:28]} Rec8 {[%clk 0:01:15]} 34. Bg2 {[%clk 0:07:56]} Rc2
{[%clk 0:00:46]} 35. Qf3 {[%clk 0:07:42]} g5 {[%clk 0:00:57]} 36. Qxb7
{[%clk 0:07:03]} Rb8 {[%clk 0:01:20]} 37. Qe4 {[%clk 0:02:58]} Rbb2
{[%clk 0:00:44]} 38. Rd8+ {[%clk 0:03:20]} Kg7 {[%clk 0:01:10]} 39. Rxf4
{[%clk 0:01:55]} Qxf4 {[%clk 0:01:33]} 40. Bd4+ {[%clk 0:01:40]} Kh6
{[%clk 0:01:51]} 41. Bxb2 {[%clk 0:01:24]} Rc1+ {[%clk 0:02:13]} 42. Bxc1
{[%clk 0:01:05]} Qxc1+ {[%clk 0:02:39]} 0-1

[Event "EYCC 2024 - O16"]
[Site "?"]
[Date "2024.08.23"]
[Round "2.3"]
[White "Hauchamps, Maxime"]
[Black "Medhus, Vitus Bondo"]
[Result "0-1"]
[BlackElo "2310"]
[WhiteElo "2157"]
[LiveChessVersion "1.4.8"]

1. e4 {[%clk 1:30:57]} e5 {[%clk 1:30:55]} 2. Nf3 {[%clk 1:31:23]} Nc6
{[%clk 1:31:22]} 3. Bb5 {[%clk 1:31:48]} a6 {[%clk 1:31:46]} 4. Ba4
{[%clk 1:32:13]} Nf6 {[%clk 1:32:11]} 5. O-O {[%clk 1:32:31]} Be7
{[%clk 1:32:36]} 6. d3 {[%clk 1:32:50]} b5 {[%clk 1:32:47]} 7. Bb3
{[%clk 1:33:14]} O-O {[%clk 1:25:41]} 8. a4 {[%clk 1:29:15]} b4 {[%clk 1:15:05]}
9. a5 {[%clk 1:29:24]} d6 {[%clk 1:13:11]} 10. c3 {[%clk 1:28:22]} Rb8
{[%clk 1:11:21]} 11. Nbd2 {[%clk 1:27:53]} Be6 {[%clk 1:07:14]} 12. Nc4
{[%clk 1:27:20]} bxc3 {[%clk 0:53:51]} 13. bxc3 {[%clk 1:27:21]} Nd7
{[%clk 0:51:54]} 14. Ba4 {[%clk 1:09:39]} Na7 {[%clk 0:50:01]} 15. Be3
{[%clk 1:09:41]} Nb5 {[%clk 0:49:49]} 16. Qc2 {[%clk 1:09:56]} f5
{[%clk 0:48:44]} 17. Bb3 {[%clk 1:06:16]} Kh8 {[%clk 0:47:29]} 18. Ba2
{[%clk 1:00:22]} f4 {[%clk 0:40:51]} 19. Bc1 {[%clk 0:51:41]} Bg4
{[%clk 0:38:46]} 20. Ne1 {[%clk 0:46:31]} f3 {[%clk 0:36:38]} 21. Ne3
{[%clk 0:46:02]} fxg2 {[%clk 0:36:25]} 22. Kxg2 {[%clk 0:45:52]} Bh5
{[%clk 0:35:38]} 23. Nf5 {[%clk 0:40:55]} Bg5 {[%clk 0:32:14]} 24. Ng3
{[%clk 0:34:30]} Bg6 {[%clk 0:31:48]} 25. Nf3 {[%clk 0:30:05]} Bf4
{[%clk 0:31:04]} 26. Be3 {[%clk 0:28:39]} Nf6 {[%clk 0:27:44]} 27. Ng5
{[%clk 0:26:13]} Bxg5 {[%clk 0:26:16]} 28. Bxg5 {[%clk 0:26:37]} h6
{[%clk 0:26:07]} 29. Be3 {[%clk 0:22:19]} Nh5 {[%clk 0:22:32]} 30. f3
{[%clk 0:18:17]} c5 {[%clk 0:20:49]} 31. Ne2 {[%clk 0:13:40]} Qh4
{[%clk 0:20:04]} 32. Qd2 {[%clk 0:13:09]} Be8 {[%clk 0:16:16]} 33. Be6
{[%clk 0:06:22]} Qf6 {[%clk 0:15:46]} 34. Bg4 {[%clk 0:06:05]} g5
{[%clk 0:13:59]} 35. Rab1 {[%clk 0:05:37]} Bg6 {[%clk 0:13:40]} 36. Rb2
{[%clk 0:04:09]} Nc7 {[%clk 0:10:59]} 37. Rb6 {[%clk 0:04:02]} Qe7
{[%clk 0:09:13]} 38. Rfb1 {[%clk 0:04:20]} Rbd8 {[%clk 0:08:19]} 39. Ng3
{[%clk 0:02:02]} Nf4+ {[%clk 0:07:44]} 40. Bxf4 {[%clk 0:02:22]} gxf4
{[%clk 0:08:06]} 41. Nf5 {[%clk 0:02:22]} Bxf5 {[%clk 0:08:05]} 42. Bxf5
{[%clk 0:02:46]} Qg5+ {[%clk 0:07:52]} 43. Kh1 {[%clk 0:03:07]} Rg8
{[%clk 0:07:08]} 44. Rb7 {[%clk 0:02:01]} Rg7 {[%clk 0:07:09]} 45. Qf2
{[%clk 0:01:17]} Rdg8 {[%clk 0:06:15]} 46. c4 {[%clk 0:00:58]} Ne8
{[%clk 0:05:41]} 47. R7b6 {[%clk 0:00:42]} Ra7 {[%clk 0:03:09]} 48. Rg1
{[%clk 0:00:50]} Qd8 {[%clk 0:02:13]} 49. Rxg8+ {[%clk 0:00:42]} Kxg8
{[%clk 0:02:41]} 50. Qb2 {[%clk 0:00:37]} Qh4 {[%clk 0:02:06]} 51. Qe2
{[%clk 0:00:40]} Kf8 {[%clk 0:02:02]} 52. Rb8 {[%clk 0:00:54]} Rg7
{[%clk 0:02:13]} 53. Ra8 {[%clk 0:01:10]} Rb7 {[%clk 0:02:14]} 54. Rxa6
{[%clk 0:00:40]} Rb1+ {[%clk 0:02:29]} 55. Kg2 {[%clk 0:01:04]} Qg5+
{[%clk 0:02:20]} 56. Kh3 {[%clk 0:01:31]} Rg1 {[%clk 0:02:23]} 57. Bg4
{[%clk 0:01:48]} h5 {[%clk 0:02:41]} 58. Ra8 {[%clk 0:01:23]} hxg4+
{[%clk 0:03:02]} 0-1

[Event "EYCC 2024 - O16"]
[Site "?"]
[Date "2024.08.23"]
[Round "2.4"]
[White "Kolimar, Kristof Pal"]
[Black "Vandenhole, Kobe"]
[Result "1/2-1/2"]
[BlackElo "2155"]
[WhiteElo "2306"]
[LiveChessVersion "1.4.8"]

1. Nf3 {[%clk 1:30:57]} d5 {[%clk 1:30:50]} 2. d4 {[%clk 1:31:22]} e6
{[%clk 1:31:04]} 3. c4 {[%clk 1:31:43]} Nf6 {[%clk 1:31:24]} 4. g3
{[%clk 1:32:08]} Be7 {[%clk 1:31:50]} 5. Bg2 {[%clk 1:32:33]} O-O
{[%clk 1:32:15]} 6. O-O {[%clk 1:32:55]} Nbd7 {[%clk 1:32:34]} 7. Qc2
{[%clk 1:32:56]} a5 {[%clk 1:32:53]} 8. Nbd2 {[%clk 1:24:58]} c5 {[%clk 1:33:14]}
9. dxc5 {[%clk 1:18:05]} Nxc5 {[%clk 1:33:17]} 10. Rd1 {[%clk 1:13:56]} b6
{[%clk 1:29:30]} 11. b3 {[%clk 1:10:37]} Bb7 {[%clk 1:28:30]} 12. Bb2
{[%clk 1:09:04]} Rc8 {[%clk 1:25:48]} 13. Rac1 {[%clk 1:05:37]} b5
{[%clk 1:21:00]} 14. Qb1 {[%clk 0:56:50]} Qb6 {[%clk 1:15:47]} 15. Ng5
{[%clk 0:52:08]} Ncd7 {[%clk 1:08:51]} 16. cxd5 {[%clk 0:41:31]} Rxc1
{[%clk 1:06:00]} 17. Rxc1 {[%clk 0:41:20]} Bxd5 {[%clk 1:04:35]} 18. Bxd5
{[%clk 0:39:28]} exd5 {[%clk 1:05:02]} 19. Qf5 {[%clk 0:36:53]} Rd8
{[%clk 0:58:56]} 20. e3 {[%clk 0:31:30]} Bc5 {[%clk 0:55:32]} 21. Ngf3
{[%clk 0:26:31]} Re8 {[%clk 0:45:31]} 22. Bd4 {[%clk 0:24:38]} Bxd4
{[%clk 0:40:10]} 23. Nxd4 {[%clk 0:24:31]} Nc5 {[%clk 0:38:37]} 24. Qc2
{[%clk 0:16:10]} Nfd7 {[%clk 0:38:14]} 25. N2f3 {[%clk 0:15:06]} b4
{[%clk 0:37:33]} 26. Ne1 {[%clk 0:11:46]} g6 {[%clk 0:31:43]} 27. Nd3
{[%clk 0:11:17]} Rc8 {[%clk 0:31:07]} 28. Nf4 {[%clk 0:07:03]} Nf6
{[%clk 0:29:33]} 29. Qe2 {[%clk 0:07:09]} Rb8 {[%clk 0:28:34]} 30. Nd3
{[%clk 0:05:03]} Nfe4 {[%clk 0:26:44]} 31. Nxc5 {[%clk 0:04:02]} Nxc5
{[%clk 0:26:56]} 32. f3 {[%clk 0:03:15]} a4 {[%clk 0:19:19]} 33. bxa4
{[%clk 0:01:06]} Nxa4 {[%clk 0:19:18]} 34. Rc6 {[%clk 0:01:16]} Nc3
{[%clk 0:19:01]} 35. Qd3 {[%clk 0:00:59]} Qb7 {[%clk 0:18:26]} 36. a3
{[%clk 0:00:47]} Na2 {[%clk 0:14:01]} 37. Rc2 {[%clk 0:00:37]} bxa3
{[%clk 0:13:16]} 38. Qxa3 {[%clk 0:00:44]} Ra8 {[%clk 0:10:16]} 39. Qc5
{[%clk 0:00:32]} Qb1+ {[%clk 0:09:07]} 40. Kg2 {[%clk 0:00:47]} Nb4
{[%clk 0:09:31]} 41. Qb6 {[%clk 0:00:35]} Ra2 {[%clk 0:07:31]} 42. Qb8+
{[%clk 0:00:43]} Kg7 {[%clk 0:07:56]} 43. Qe5+ {[%clk 0:00:41]} Kg8
{[%clk 0:07:46]} 44. Qe8+ {[%clk 0:00:50]} Kg7 {[%clk 0:08:14]} 45. Qe5+
{[%clk 0:01:20]} Kg8 {[%clk 0:08:43]} 46. Qe8+ {[%clk 0:00:36]} Kg7
{[%clk 0:09:08]} 47. Qe5+ {[%clk 0:00:48]} 1/2-1/2

[Event "EYCC 2024 - O16"]
[Site "?"]
[Date "2024.08.23"]
[Round "2.5"]
[White "Medovoy, Yaniv"]
[Black "Vagman, Roy"]
[Result "0-1"]
[BlackElo "2302"]
[WhiteElo "2145"]
[LiveChessVersion "1.4.8"]

1. e4 {[%clk 1:30:58]} c6 {[%clk 1:30:43]} 2. d4 {[%clk 1:31:22]} d5
{[%clk 1:31:07]} 3. e5 {[%clk 1:31:48]} c5 {[%clk 1:30:03]} 4. dxc5
{[%clk 1:32:12]} e6 {[%clk 1:30:11]} 5. Be3 {[%clk 1:26:31]} Nd7 {[%clk 1:29:06]}
6. Bb5 {[%clk 1:26:39]} Ne7 {[%clk 1:29:23]} 7. Nf3 {[%clk 1:26:48]} Nf5
{[%clk 1:29:24]} 8. Bxd7+ {[%clk 1:16:57]} Bxd7 {[%clk 1:29:26]} 9. Bd4
{[%clk 1:12:40]} Qa5+ {[%clk 1:20:23]} 10. c3 {[%clk 1:12:35]} Nxd4
{[%clk 1:19:12]} 11. Nxd4 {[%clk 1:10:55]} Qc7 {[%clk 1:16:35]} 12. Qe2
{[%clk 1:06:56]} Bxc5 {[%clk 1:16:27]} 13. O-O {[%clk 1:06:31]} O-O
{[%clk 1:16:13]} 14. Nd2 {[%clk 1:06:09]} b5 {[%clk 1:01:33]} 15. b4
{[%clk 0:54:27]} Bb6 {[%clk 0:54:58]} 16. Rac1 {[%clk 0:50:26]} Rac8
{[%clk 0:54:49]} 17. N2b3 {[%clk 0:49:25]} a6 {[%clk 0:51:17]} 18. f4
{[%clk 0:40:30]} f6 {[%clk 0:48:01]} 19. g3 {[%clk 0:26:43]} Rf7 {[%clk 0:36:40]}
20. Kg2 {[%clk 0:23:57]} Qc4 {[%clk 0:28:12]} 21. Rfe1 {[%clk 0:18:51]} Qxe2+
{[%clk 0:25:13]} 22. Rxe2 {[%clk 0:18:57]} f5 {[%clk 0:24:56]} 23. Nf3
{[%clk 0:18:32]} Be8 {[%clk 0:23:27]} 24. Rec2 {[%clk 0:15:31]} Rfc7
{[%clk 0:22:54]} 25. Ne1 {[%clk 0:14:25]} Be3 {[%clk 0:21:41]} 26. Nd2
{[%clk 0:12:15]} d4 {[%clk 0:20:33]} 27. c4 {[%clk 0:06:10]} bxc4
{[%clk 0:19:02]} 28. Rxc4 {[%clk 0:06:04]} Bc6+ {[%clk 0:17:52]} 29. Rxc6
{[%clk 0:05:29]} Rxc6 {[%clk 0:18:18]} 30. Rxc6 {[%clk 0:05:55]} Rxc6
{[%clk 0:18:43]} 31. Nb3 {[%clk 0:06:13]} Rc3 {[%clk 0:17:26]} 32. Nc5
{[%clk 0:06:16]} Kf7 {[%clk 0:17:02]} 0-1

[Event "EYCC 2024 - O16"]
[Site "?"]
[Date "2024.08.23"]
[Round "2.6"]
[White "Szakmary, Domonkos"]
[Black "Toktomushev, Teimur"]
[Result "1/2-1/2"]
[BlackElo "2279"]
[WhiteElo "2139"]
[LiveChessVersion "1.4.8"]

1. e4 {[%clk 1:30:58]} c5 {[%clk 1:30:53]} 2. Nf3 {[%clk 1:31:23]} e6
{[%clk 1:31:08]} 3. d4 {[%clk 1:31:48]} cxd4 {[%clk 1:31:23]} 4. Nxd4
{[%clk 1:32:12]} a6 {[%clk 1:31:36]} 5. Bd3 {[%clk 1:32:30]} Bc5 {[%clk 1:31:56]}
6. Nb3 {[%clk 1:32:41]} Ba7 {[%clk 1:32:17]} 7. Qe2 {[%clk 1:32:51]} Ne7
{[%clk 1:32:36]} 8. Be3 {[%clk 1:32:41]} O-O {[%clk 1:32:48]} 9. Bxa7
{[%clk 1:33:01]} Rxa7 {[%clk 1:33:08]} 10. Qe3 {[%clk 1:33:18]} Nbc6
{[%clk 1:31:49]} 11. Nc3 {[%clk 1:33:10]} b5 {[%clk 1:31:06]} 12. O-O-O
{[%clk 1:32:46]} e5 {[%clk 1:28:14]} 13. g3 {[%clk 1:17:51]} d6 {[%clk 1:25:49]}
14. f4 {[%clk 1:15:51]} Rb7 {[%clk 0:54:53]} 15. Rhf1 {[%clk 1:04:30]} Be6
{[%clk 0:48:11]} 16. f5 {[%clk 0:56:42]} Bxb3 {[%clk 0:45:40]} 17. axb3
{[%clk 0:53:25]} f6 {[%clk 0:35:34]} 18. g4 {[%clk 0:45:19]} Nd4 {[%clk 0:25:34]}
19. g5 {[%clk 0:39:41]} fxg5 {[%clk 0:10:44]} 20. Qxg5 {[%clk 0:37:29]} Nec6
{[%clk 0:10:29]} 21. Qxd8 {[%clk 0:35:48]} Rxd8 {[%clk 0:09:59]} 22. Nd5
{[%clk 0:34:01]} a5 {[%clk 0:03:06]} 23. Kd2 {[%clk 0:30:27]} Nb4
{[%clk 0:02:30]} 24. Nxb4 {[%clk 0:29:04]} axb4 {[%clk 0:02:56]} 25. Ra1
{[%clk 0:21:30]} Rc7 {[%clk 0:02:23]} 26. Ra6 {[%clk 0:17:16]} d5
{[%clk 0:00:33]} 27. exd5 {[%clk 0:17:24]} Rxd5 {[%clk 0:00:49]} 28. f6
{[%clk 0:16:51]} gxf6 {[%clk 0:01:01]} 29. Raxf6 {[%clk 0:15:38]} Kg7
{[%clk 0:00:36]} 30. R6f2 {[%clk 0:06:28]} Rd8 {[%clk 0:00:53]} 31. Ke3
{[%clk 0:06:00]} Rdc8 {[%clk 0:00:53]} 32. Rg1+ {[%clk 0:05:24]} Kh8
{[%clk 0:01:17]} 33. Rgg2 {[%clk 0:03:26]} 1/2-1/2

[Event "EYCC 2024 - O16"]
[Site "?"]
[Date "2024.08.23"]
[Round "2.7"]
[White "Ljepic, Andrej"]
[Black "Musial, Igor"]
[Result "1-0"]
[BlackElo "2142"]
[WhiteElo "2275"]
[LiveChessVersion "1.4.8"]

1. e4 {[%clk 1:30:57]} c5 {[%clk 1:30:57]} 2. Nf3 {[%clk 1:31:21]} d6
{[%clk 1:31:23]} 3. d4 {[%clk 1:31:46]} cxd4 {[%clk 1:31:46]} 4. Qxd4
{[%clk 1:32:05]} Nc6 {[%clk 1:32:09]} 5. Qe3 {[%clk 1:32:30]} Nf6
{[%clk 1:30:32]} 6. h3 {[%clk 1:32:55]} e6 {[%clk 1:29:10]} 7. c4
{[%clk 1:32:35]} Be7 {[%clk 1:29:12]} 8. Be2 {[%clk 1:32:34]} O-O
{[%clk 1:13:57]} 9. O-O {[%clk 1:32:18]} b6 {[%clk 1:11:47]} 10. Rd1
{[%clk 1:31:14]} Qc7 {[%clk 1:10:06]} 11. Nc3 {[%clk 1:31:31]} a6
{[%clk 1:10:22]} 12. b3 {[%clk 1:31:00]} Bb7 {[%clk 0:59:59]} 13. Bb2
{[%clk 1:30:48]} Nb8 {[%clk 0:54:35]} 14. Rac1 {[%clk 0:52:49]} Nbd7
{[%clk 0:53:19]} 15. b4 {[%clk 0:52:10]} Rfe8 {[%clk 0:50:39]} 16. a3
{[%clk 0:51:32]} Rac8 {[%clk 0:48:44]} 17. Nd2 {[%clk 0:47:09]} Qb8
{[%clk 0:38:09]} 18. f4 {[%clk 0:44:48]} h6 {[%clk 0:30:56]} 19. g3
{[%clk 0:42:35]} Qa8 {[%clk 0:27:22]} 20. Kh2 {[%clk 0:39:02]} Bc6
{[%clk 0:22:52]} 21. Bd3 {[%clk 0:37:19]} Rcd8 {[%clk 0:21:12]} 22. Nf3
{[%clk 0:29:56]} Bf8 {[%clk 0:18:21]} 23. Rd2 {[%clk 0:25:24]} Bb7
{[%clk 0:15:09]} 24. Re1 {[%clk 0:24:17]} a5 {[%clk 0:06:37]} 25. Nb5
{[%clk 0:19:11]} Rc8 {[%clk 0:07:02]} 26. Rde2 {[%clk 0:16:04]} axb4
{[%clk 0:04:49]} 27. axb4 {[%clk 0:16:24]} d5 {[%clk 0:05:13]} 28. Ra1
{[%clk 0:16:02]} Qb8 {[%clk 0:05:31]} 29. cxd5 {[%clk 0:15:50]} exd5
{[%clk 0:05:48]} 30. e5 {[%clk 0:15:41]} Ne4 {[%clk 0:04:56]} 31. Qd4
{[%clk 0:13:58]} Kh8 {[%clk 0:02:11]} 32. Nc3 {[%clk 0:11:20]} Nxc3
{[%clk 0:00:41]} 33. Bxc3 {[%clk 0:11:45]} Bc6 {[%clk 0:00:54]} 34. f5
{[%clk 0:11:19]} Nc5 {[%clk 0:00:44]} 35. bxc5 {[%clk 0:08:59]} bxc5
{[%clk 0:01:13]} 36. Qe3 {[%clk 0:08:06]} d4 {[%clk 0:01:30]} 37. Nxd4
{[%clk 0:08:29]} cxd4 {[%clk 0:01:55]} 38. Bxd4 {[%clk 0:08:45]} Kg8
{[%clk 0:01:44]} 39. Ra7 {[%clk 0:07:54]} Qb3 {[%clk 0:01:24]} 40. e6
{[%clk 0:07:23]} Qd5 {[%clk 0:00:37]} 41. Be4 {[%clk 0:07:14]} 1-0

[Event "EYCC 2024 - O16"]
[Site "?"]
[Date "2024.08.23"]
[Round "2.8"]
[White "Ceyhan, Mert"]
[Black "Dyachuk, Artem"]
[Result "0-1"]
[BlackElo "2263"]
[WhiteElo "2135"]
[LiveChessVersion "1.4.8"]

1. e4 {[%clk 1:30:58]} c5 {[%clk 1:30:56]} 2. Nf3 {[%clk 1:31:24]} d6
{[%clk 1:31:23]} 3. Bb5+ {[%clk 1:31:49]} Nd7 {[%clk 1:31:47]} 4. d4
{[%clk 1:32:06]} Ngf6 {[%clk 1:31:03]} 5. O-O {[%clk 1:26:31]} cxd4
{[%clk 1:27:04]} 6. Qxd4 {[%clk 1:26:52]} e5 {[%clk 1:21:16]} 7. Qe3
{[%clk 1:26:55]} Be7 {[%clk 1:21:22]} 8. Rd1 {[%clk 1:22:37]} O-O
{[%clk 1:21:02]} 9. Bf1 {[%clk 1:20:11]} d5 {[%clk 0:58:14]} 10. exd5
{[%clk 1:18:30]} Bc5 {[%clk 0:58:39]} 11. Qe1 {[%clk 1:13:24]} Ng4
{[%clk 0:58:36]} 12. Rd2 {[%clk 1:12:37]} e4 {[%clk 0:57:37]} 13. Qxe4
{[%clk 1:00:42]} Ndf6 {[%clk 0:57:30]} 14. Qf4 {[%clk 1:00:26]} Qb6
{[%clk 0:56:45]} 15. Ne1 {[%clk 1:00:28]} Bd6 {[%clk 0:46:27]} 16. Qf3
{[%clk 0:55:49]} Bxh2+ {[%clk 0:39:37]} 17. Kh1 {[%clk 0:56:11]} Bc7
{[%clk 0:31:43]} 18. g3 {[%clk 0:45:18]} Ne4 {[%clk 0:27:03]} 19. Qxe4
{[%clk 0:43:36]} Qh6+ {[%clk 0:27:27]} 20. Kg2 {[%clk 0:44:03]} Qh2+
{[%clk 0:27:13]} 21. Kf3 {[%clk 0:44:30]} Ne5+ {[%clk 0:26:47]} 22. Ke3
{[%clk 0:42:02]} Bb6+ {[%clk 0:26:44]} 23. Rd4 {[%clk 0:42:26]} Ng4+
{[%clk 0:26:20]} 24. Kd2 {[%clk 0:42:33]} Qxf2+ {[%clk 0:26:23]} 25. Be2
{[%clk 0:42:36]} Bxd4 {[%clk 0:26:42]} 26. Nd3 {[%clk 0:42:46]} Be3+
{[%clk 0:26:44]} 27. Kc3 {[%clk 0:42:44]} Qxe2 {[%clk 0:27:01]} 28. Bxe3
{[%clk 0:43:08]} Nxe3 {[%clk 0:27:25]} 0-1

[Event "EYCC 2024 - O16"]
[Site "?"]
[Date "2024.08.23"]
[Round "2.9"]
[White "Krawczyk, Flawian"]
[Black "Csernyik, Mark"]
[Result "1-0"]
[BlackElo "2129"]
[WhiteElo "2263"]
[LiveChessVersion "1.4.8"]

1. d4 {[%clk 1:28:06]} Nf6 {[%clk 1:30:50]} 2. c4 {[%clk 1:28:31]} g6
{[%clk 1:31:15]} 3. Nc3 {[%clk 1:28:58]} Bg7 {[%clk 1:31:40]} 4. e4
{[%clk 1:29:26]} d6 {[%clk 1:32:05]} 5. Be2 {[%clk 1:29:53]} O-O {[%clk 1:32:29]}
6. Be3 {[%clk 1:30:21]} e5 {[%clk 1:28:55]} 7. d5 {[%clk 1:30:45]} a5
{[%clk 1:29:00]} 8. h4 {[%clk 1:31:10]} h5 {[%clk 1:27:03]} 9. f3
{[%clk 1:30:21]} Na6 {[%clk 1:13:17]} 10. Nh3 {[%clk 1:29:29]} Nc5
{[%clk 1:12:50]} 11. Ng5 {[%clk 1:28:11]} Bd7 {[%clk 1:08:05]} 12. Qd2
{[%clk 1:25:39]} c6 {[%clk 0:48:44]} 13. dxc6 {[%clk 1:23:09]} Bxc6
{[%clk 0:48:59]} 14. O-O-O {[%clk 1:23:30]} Qb6 {[%clk 0:48:11]} 15. Kb1
{[%clk 1:13:00]} Rfd8 {[%clk 0:46:34]} 16. Nb5 {[%clk 0:49:42]} d5
{[%clk 0:25:47]} 17. exd5 {[%clk 0:47:35]} Nxd5 {[%clk 0:13:58]} 18. cxd5
{[%clk 0:41:26]} Bxb5 {[%clk 0:13:49]} 19. Bxc5 {[%clk 0:37:48]} Qxc5
{[%clk 0:14:09]} 20. Ne4 {[%clk 0:38:12]} Qb6 {[%clk 0:14:09]} 21. g4
{[%clk 0:35:57]} hxg4 {[%clk 0:13:46]} 22. fxg4 {[%clk 0:34:45]} Rxd5
{[%clk 0:13:05]} 23. Qxd5 {[%clk 0:34:49]} Bxe2 {[%clk 0:13:30]} 24. Nd6
{[%clk 0:24:12]} Rf8 {[%clk 0:12:52]} 25. h5 {[%clk 0:23:15]} e4 {[%clk 0:09:57]}
26. Rd2 {[%clk 0:22:31]} Bd3+ {[%clk 0:05:52]} 27. Ka1 {[%clk 0:22:53]} gxh5
{[%clk 0:06:06]} 28. gxh5 {[%clk 0:15:54]} e3 {[%clk 0:04:55]} 29. Rg2
{[%clk 0:16:22]} e2 {[%clk 0:05:04]} 30. Qe5 {[%clk 0:14:59]} Bg6
{[%clk 0:04:03]} 31. hxg6 {[%clk 0:15:22]} fxg6 {[%clk 0:02:23]} 32. Qe6+
{[%clk 0:15:47]} 1-0